000 00511nam a2200181Ia 4500
005 20250326123934.0
008 250326s9999 xx 000 0 und d
037 _aTextbook
040 _aFMSL
_beng
_cFMSL
041 _aeng
_2eng
084 _aT:57 L2
_qFMSL
100 _aSmith J M
_9736447
245 0 _aInterviewing in market and social research
_cSmith J M
260 _aLondon
_bLondon, Routkedge & Kegan Paul
_c1972
300 _a169p
942 _cTB
_hT:57 L2
999 _c1271575
_d1271575